| 000 | 01207nac a22004097a 4500 | ||
|---|---|---|---|
| 001 | BR0600258 | ||
| 003 | BR-BrBNA | ||
| 005 | 20240105123241.0 | ||
| 008 | 230509b bl.|||m| |||| 00| 0 por d | ||
| 040 |
_aBR-BrBNA _bpor _cBiblioteca Nacional de Agricultura |
||
| 072 | _aF04 | ||
| 090 | _a0430 BR0600258 | ||
| 100 | 1 | _aOliveira, E.L. de | |
| 110 | 1 |
_aFundação Instituto Agronômico do Paraná, Londrina, PR (Brasil) _94913 |
|
| 245 | 1 | _aSugestão de adubação e calagem para culturas de interesse econômico no Estado do Paraná | |
| 260 | 3 |
_aLondrina, PR (Brasil): _c2003. |
|
| 300 | _a30 p. | ||
| 490 |
_aCircular - Fundação Instituto Agronômico do Paraná (Brazil) _vno. 128 _xISSN 0100-3356 |
||
| 500 | _a16 ref. | ||
| 650 | _aALGODÃO | ||
| 650 | _aARROZ SEQUEIRO | ||
| 650 | _aARROZ IRRIGADO | ||
| 650 | _aCAFÉ | ||
| 650 | _aFEIJÃO | ||
| 650 | _aFRUTA DE CLIMA TEMPERADO | ||
| 650 | _aMANDIOCA | ||
| 650 | _aMILHO | ||
| 650 | _aMORANGO | ||
| 650 | _aPASTAGEM | ||
| 650 | _aTRIGO | ||
| 650 | _aCALAGEM | ||
| 650 | _aADUBAÇÃO | ||
| 650 | _aMICRONUTRIENTE | ||
| 650 | _aPARANÁ | ||
| 909 |
_a202312 _bLúcia Elande _c55 _dLúcia Elande |
||
| 942 |
_2AGRIS _n0 _cMS |
||
| 999 |
_c294617 _d294617 |
||